Normal view
MARC view
- Malaya
Entry Geographic Name
001 - CONTROL NUMBER
- control field: 8237
003 - CONTROL NUMBER IDENTIFIER
- control field: OSt
005 - DATE AND TIME OF LATEST TRANSACTION
- control field: 20170525150911.0
008 - FIXED-LENGTH DATA ELEMENTS
- fixed length control field: 170525|| aca||aabn | a|a d
040 ## - CATALOGING SOURCE
- Original cataloging agency: OSt
- Transcribing agency: OSt
151 ## - HEADING--GEOGRAPHIC NAME
- Geographic name: Malaya
- General subdivision: History
- Chronological subdivision: 1400-1959
670 ## - SOURCE DATA FOUND
- Source citation: Work cat.: (OSt)0: Jessy, Joginder Singh, author. 8236, HISTORY OF MALAYA (1400-1959) /

PORTAL AKMAL
E-MEL JKDM
AKMAL2U
G-BAM
u-PUSTAKA